| 000 | 01637nam a22004217a 4500 | ||
|---|---|---|---|
| 003 | CHAP | ||
| 005 | 20220329143238.0 | ||
| 008 | 070807s2007 mx r 00010 spa d | ||
| 010 | _a93874 | ||
| 011 | _a94846 | ||
| 035 | _a105445 | ||
| 040 | _cCHAP | ||
| 090 | _aTesis | ||
| 100 | 1 |
_aHernández García, Ariadna. _954038 |
|
| 245 | 1 | 0 |
_aCaracterización del proceso de elaboración del vino de fruto chagalapoli (Ardisia compresa) de la Región de los Tuxtlas, Veracruz _c/por Ariadna Hernández García |
| 260 |
_aChapingo, Méx. : _bEl autor, _c2007 |
||
| 300 |
_a92 h. : _bilus. ; gráfs. ; cuadro. ; mapas |
||
| 502 | _aTesis (Ing. Agroindustrial) -- UACH. Departamento de Ingenería Agroindustrial. | ||
| 530 | _aTambién disponible en línea | ||
| 590 |
_aALEPH _b10 _c20130110 _lUCH01 _h1519 |
||
| 590 |
_aBATCH-UPD _b10 _c20130110 _lUCH01 _h0548 |
||
| 590 |
_aBATCH-UPD _b10 _c20130410 _lUCH01 _h0229 |
||
| 590 |
_aBATCH-UPD _b10 _c20130410 _lUCH01 _h1626 |
||
| 590 |
_aBATCH-UPD _b10 _c20130914 _lUCH01 _h1446 |
||
| 590 |
_aBATCH-UPD _b10 _c20140324 _lUCH01 _h1503 |
||
| 590 |
_aBATCH-UPD _b10 _c20141002 _lUCH01 _h0834 |
||
| 590 |
_aCONVERSION _b10 _c20130109 _lUCH01 _h1352 |
||
| 650 | 1 | 4 |
_aFruta _xFermentación. _943616 |
| 650 | 1 | 4 |
_aFruta _xVariedades. _943665 |
| 650 | 1 | 4 |
_aVino _xAnálisis. _9119856 |
| 650 | 1 | 4 |
_aVino _xElaboración _zVeracruz. _9119872 |
| 856 |
_3Finding aid _uhttp://10.13.5.2/tesis/105445.pdf _zTeclea aqui |
||
| 901 | _aBK | ||
| 905 | _aLuisgm | ||
| 942 | _cFOLL | ||
| 949 |
_aTESIS _bBC _cTES _d33724002032025 _eTS2 _fc.2 _h46954 _i105445 _sb |
||
| 949 |
_aTESIS _bBC _cTES _d33724002032066 _eTS1 _h46953 _i105445 _sb |
||
| 999 |
_c93874 _d93874 |
||